| 000 | 00834nam a2200229 a 4500 | ||
|---|---|---|---|
| 001 | 71382 | ||
| 003 | BD-RjUL | ||
| 005 | 20211209082116.0 | ||
| 008 | 170502s1945 ii ||||| |||| 00| 0 ben d | ||
| 020 | _c : IRs. .50 | ||
| 035 | _a(BD-RjUL)71598 | ||
| 040 |
_aBD-RjUL _bben _cBD-RjUL |
||
| 041 | _aben | ||
| 082 |
_223 _a780.54 _bSAP 1945 |
||
| 100 | 1 | 0 |
_aসান্যাল, অমিয় নাথ _9211213 |
| 245 | 1 | 0 |
_aপ্রাচীন ভারতের সংগীত চিন্তা / _cঅমিয় নাথ সান্যাল |
| 260 |
_aকলিকাতা : _bবিশ্বভারতী গ্রন্থালয়, _c১৯৪৫ |
||
| 300 |
_a৬৭ পৃ. ; _c১৮ সেমি. |
||
| 650 |
_aসংগীত _zভারত _9145270 |
||
| 650 |
_aMusic _zIndia _9211214 |
||
| 942 |
_2ddc _cBK |
||
| 999 |
_c71382 _d71382 |
||